000 00451nam a2200193Ia 4500
005 20250603145901.0
008 250603s9999 xx 000 0 und d
020 _a9781118073827
050 _aSB 473.4 .M69/
100 _aMoyer, Janet Lennox
245 4 _aThe landscape lighting book
250 _a3rd ed.
260 _aNew Jersey
260 _bJohn Wiley & Sons
260 _c2013
300 _a66 p
650 _aNew Jersey
942 _cBK
999 _c43142
_d43142